000 00678cam a2200241 4500
001 20352
005 20230410103741.0
008 060907s2001 it eng
020 _a8847606675
035 _9funglode20504
041 _aeng
050 1 4 _a318 DC 708
_bM194p 2001
082 0 0 _a914.436
100 _aMagi, Giovanna
245 1 _aParis :
_ba complete guide to the city /
_cGiovanna Magi
260 _aFirenze, Italia :
_bCasa Editrice Bonechi,
_c[2001]
300 _a159 p.
440 4 _aThe gold guides
651 0 _aParis (France)
_xDescription and travel.
651 4 _aParís (Francia)
_xGuías descriptivas.
650 4 _a20150700
942 _2lcc
_cbk
999 _c25115
_d25115